| 000 | 00390nam a22001577a 4500 | ||
|---|---|---|---|
| 005 | 20170925152801.0 | ||
| 008 | 170925b xxu||||| |||| 00| 0 eng d | ||
| 020 | _a81-224-2028-1 | ||
| 041 | _aeng | ||
| 082 | _a660 | ||
| 100 |
_aMukhoadhya,Raghupati and Datta,Sriparna _93980 |
||
| 245 | _aEngineering Chemistry | ||
| 260 |
_aNew Delhi _bNew Age Publishers |
||
| 300 | _a589 | ||
| 942 | _cBK | ||
| 999 |
_c5613 _d5611 |
||